000 00729nam a2200229 a 4500
001 000019181
005 20200929165938.0
008 100527s1996 sp 000 f spa d
020 _a8420646946
040 _aDO-SdBNP
_bspa
_cBNPHU
082 _a891.74
_bN117v
100 1 _aNabokov, Vladimir,
_d1899-1977
_941288
245 1 3 _aLa veneziana /
_cVladimir Nabokov ; traducción de María Isabel Butler de Foley.
260 _aMadrid :
_bAlianza,
_c1996.
300 _a64 p. ;
_c15 cm.
490 1 _aAlianza cien
_v94
500 _aLibro de bolsillo
650 4 _aNovela rusa
_94742
650 4 _aLiteratura rusa
_ySIGLO XX
_941289
700 1 _aButler de Foley, María Isabel,
_etr.
_941290
830 0 _aAlianza cien ;
_v94
_912832
999 _c18699
_d18699